000 00565nam a2200193Ia 4500
005 20250508163359.0
008 008 250505s9999 xx 000 0 eng d
037 _aTextual
040 _aFEDL
_beng
_cFEDL
041 _aeng
_2eng
084 _a370.9439, NCE
_qFEDL
100 _aSrivastava H S
_9773002
245 0 _aEducation in hungary
260 _aNew Delhi, India
_bNational Council of Educational Research and Training
_c1978
300 _aix,30p.
650 _aEducation
942 _cTEXL
_h370.9439, NCE
999 _c1382693
_d1382693